[Event "Biel MTO op"]
[Site "Biel"]
[Date "1994.??.??"]
[Round "2"]
[White "Klovans, Janis"]
[Black "Golubev, Mikhail"]
[Result "1-0"]
[WhiteElo "2405"]
[BlackElo "2545"]
[Annotator "Ambroz,J"]
[PlyCount "129"]
[EventDate "1994.07.??"]
[EventType "swiss"]
[EventRounds "11"]
[EventCountry "SUI"]
[SourceTitle "CBM 042"]
[Source "ChessBase"]
[SourceDate "1994.10.01"]
[SourceVersion "1"]
[SourceVersionDate "1994.10.01"]
[SourceQuality "1"]

1. e4 c5 2. Nf3 d6 3. d4 cxd4 4. Nxd4 Nf6 5. Nc3 g6 6. Be3 Bg7 7. f3 O-O 8. Qd2
Nc6 9. Bc4 Bd7 10. h4 Qa5 11. O-O-O Ne5 12. Bb3 Rfc8 13. g4 Rc4 $5 14. Bxc4 (
14. g5 Nh5 15. f4 Nf3 16. Nxf3 Rxc3 17. e5 Rxc2+ 18. Bxc2 Qxa2 19. Qd5 Qa1+ 20.
Kd2 Qxb2 21. Rb1 Bc6 22. Qxc6 Qxb1 23. Rxb1 bxc6 24. Rb7 $16 {Klovans-Rausis/
Riga/1986/}) 14... Nxc4 15. Qd3 b5 16. Kb1 (16. Nb3 Qa6 17. Bd4 e5 18. Bf2 b4
19. Nd5 Nxd5 20. Qxd5 Bc6 21. Qd3 Bb5 22. Nd2 Nxb2 23. Qd5 Nd3+ 24. Kb1 Qa3 {
0-1/Mnatsakanian,E-Veresov/USSR/1968/}) 16... Rc8 17. Nb3 Qa6 18. Bc1 $1 b4 19.
Nd5 Nxd5 20. exd5 h5 $5 (20... Bb5 21. Qe4 Qb7 22. h5 a5 23. hxg6 hxg6 24. Nd4
a4 25. Bh6 Bf6 $13 (25... Na3+ 26. bxa3 bxa3 27. Kc1 (27. Ka1 Bd3 $1))) 21.
Rhg1 $5 Qb7 22. gxh5 $1 Ne5 (22... Bf5 23. Qxf5 $5 {Klovans} (23. Qe2 Bxc2+ 24.
Qxc2 Na3+ 25. bxa3 Rxc2 26. Kxc2 Qc8+ 27. Kd2 $14) 23... gxf5 24. h6 Ne5 25.
Rxg7+ Kh8 $13) 23. Qe2 Bf5 24. Nd4 Rxc2 (24... Nc4 25. hxg6 (25. Nxf5 Na3+ 26.
Ka1 Nxc2+ 27. Qxc2 $1 {Klovans} Rxc2 28. hxg6 fxg6 (28... f6 29. h5 Qd7 30.
Nxg7 Kxg7 31. h6+ Kg8 32. h7+ Kg7 33. Bh6+ $1 {etc.} Kh8 34. g7+ Kxh7 35. g8=Q+
Kxh6 36. Qg6#) 29. Rxg6 Kf7 30. Rxg7+ Kf6 31. Rxe7 Qxd5 32. Bg5+) 25... Na3+
26. bxa3 Bxc2+ (26... bxa3+ 27. Ka1 Bxc2 28. gxf7+ Kf8 29. Bxa3 $18) 27. Qxc2
$1 (27. Ka1 Bxd1 28. gxf7+ Kf8 29. Rxd1 Rxc1+ 30. Rxc1 Bxd4+ 31. Kb1 bxa3+ 32.
Kc2 Qxd5 $13) 27... Rxc2 28. gxf7+ Kxf7 29. Rxg7+ Kxg7 30. Nxc2 $16) 25. Nxc2
b3 26. axb3 Qxb3 27. Rg5 Nd3 (27... Nc4 28. Rxf5 Bxb2 (28... gxf5 29. Rg1) 29.
Qxc4 $1 Qxc4 30. Rf4 Qe2 31. Re1) 28. Rxd3 (28. Rxf5 Nxc1 29. Na1 Qa2+ 30. Kxc1
Qxa1+ 31. Kd2 Qxb2+ 32. Ke1 Qb4+ 33. Kf1 gxf5 $13) 28... Bxd3 29. Qd2 a5 30.
hxg6 fxg6 31. h5 a4 32. Rxg6 a3 33. Rg2 (33. Qc3 $2 Bxc2+ 34. Qxc2 a2+) 33...
Kf8 (33... Kf7 34. Qg5 Bxc2+ 35. Rxc2 a2+ 36. Ka1 Qxc2 37. Qg6+ Qxg6 38. hxg6+
Kxg6 39. Kxa2) 34. Qa5 axb2 35. Qd8+ Kf7 36. Rxg7+ Kxg7 37. Qxe7+ Kg8 38. Qe8+
Kg7 39. Bxb2+ Kh6 40. Qe6+ Kxh5 41. Qg4+ Kh6 42. Qh3+ Kg6 43. Qg2+ Kh5 44. f4
Bxc2+ 45. Kc1 Qe3+ 46. Kxc2 Qxf4 47. Kd3 Qf5+ 48. Qe4 Qh3+ 49. Kc4 Qc8+ 50. Kb3
Qb7+ 51. Kc2 Qc8+ 52. Bc3 Qc5 53. Kb3 Qb6+ 54. Bb4 Kg5 55. Qe7+ Kf5 56. Qe6+
Kg5 57. Qxd6 Qe3+ 58. Bc3 Qd3 59. Qe5+ Kg6 60. d6 Qd1+ 61. Kb4 Qb1+ 62. Kc5
Qg1+ 63. Kc6 Qg2+ 64. Kc7 Qa8 65. Qf6+ 1-0

[Event "Bayamo"]
[Site "Bayamo"]
[Date "1990.??.??"]
[Round "10"]
[White "Verduga Zavala, Denis"]
[Black "Henao, Raul Fernando"]
[Result "1-0"]
[WhiteElo "2405"]
[BlackElo "2400"]
[Annotator "Boensch,U"]
[PlyCount "45"]
[EventDate "1990.04.??"]
[EventType "tourn"]
[EventRounds "13"]
[EventCountry "CUB"]
[EventCategory "8"]
[SourceTitle "CBM 018"]
[Source "ChessBase"]
[SourceDate "1990.10.01"]
[SourceVersion "1"]
[SourceVersionDate "1990.10.01"]
[SourceQuality "1"]

1. e4 {Bönsch} c5 2. Nf3 d6 3. d4 cxd4 4. Nxd4 Nf6 5. Nc3 g6 6. Be3 Bg7 7. f3
Nc6 8. Qd2 O-O 9. Bc4 Bd7 10. g4 Rc8 11. Bb3 Ne5 12. O-O-O Nc4 13. Bxc4 Rxc4
14. h4 Qa5 15. Kb1 $5 (15. h5 Rfc8 16. Nb3 Qa6 17. hxg6 Rxc3 18. bxc3 Qxa2 19.
e5 dxe5 20. Bg5 fxg6 21. Bxf6 Bxf6 22. Qxd7 Rxc3 23. Qe6+ $2 {Tolnai - Tatai
Budapest 1988} (23. Qe8+ Kg7 24. Rxh7+ $1 Kxh7 25. Rh1+ Kg7 26. Qh8+ Kf7 27.
Rh7+ Ke6 28. Qg8+ Kd6 29. Qd8+ Ke6 30. Nc5+ $1 $18 Rxc5 31. Qg8+ {(Tolnai) Inf.
47/269})) 15... Rfc8 (15... h5 $5 16. Nd5 $2 (16. g5 Ne8 17. Nd5 Qd8 $13) 16...
Qxd2 17. Nxe7+ Kh7 18. Rxd2 Re8 19. g5 $8 Nxe4 20. fxe4 Rxe7 $19) 16. h5 Bxg4 (
16... Rxc3 17. bxc3 Bxg4 $13 {/\ Lf3; Se4-c3}) 17. hxg6 hxg6 18. Bh6 (18. fxg4
Rxc3 $1) 18... Bh8 19. fxg4 Rxc3 20. Nf5 $1 $18 Qd8 (20... Nxe4 21. Nxe7+ Kh7
22. Bf8+ $18) 21. Bg5 gxf5 22. Rxh8+ $1 Kxh8 23. Bxf6+ (23. Bxf6+ exf6 24. Qh6+
Kg8 25. Rh1) 1-0

[Event "BCF-chT 9798 (4NCL)"]
[Site "England"]
[Date "1998.01.24"]
[Round "5.2"]
[White "Nunn, John DM"]
[Black "Ward, Christopher"]
[Result "1-0"]
[WhiteElo "2610"]
[BlackElo "2480"]
[Annotator "Bulletin"]
[PlyCount "77"]
[EventDate "1997.11.??"]
[EventType "team"]
[EventRounds "11"]
[EventCountry "ENG"]
[SourceTitle "CBM 064 Extra"]
[Source "ChessBase"]
[SourceDate "1998.07.07"]
[SourceVersion "1"]
[SourceVersionDate "1998.07.07"]
[SourceQuality "1"]
[WhiteTeam "Invicta Kts"]
[BlackTeam "Wood Green"]
[WhiteTeamCountry "ENG"]
[BlackTeamCountry "ENG"]

1. e4 c5 2. Nf3 d6 3. d4 cxd4 4. Nxd4 Nf6 5. Nc3 g6 6. Be3 Bg7 7. f3 Nc6 8. Qd2
O-O 9. Bc4 Bd7 10. O-O-O Qa5 11. h4 Ne5 12. Bb3 Rfc8 13. g4 b5 14. h5 Nc4 15.
Bxc4 bxc4 16. Bh6 Bh8 17. Nf5 Re8 18. Qg5 Qb6 19. hxg6 fxg6 20. Bg7 Bxg7 21.
Nxg7 Reb8 (21... Kxg7 {Fritz} 22. Nd5 (22. Qh6+ Kf7 23. g5 Qe3+ 24. Rd2 Rh8 25.
gxf6 Qxh6 26. Rxh6 Kxf6) 22... Qb5 (22... Qa5 23. Qh6+ Kf7 24. g5 $18) 23. Qh6+
Kf7 24. g5 Ng8 25. Qxh7+ Kf8 26. Qxg6 $18) 22. Nh5 Nxh5 23. gxh5 Be8 24. b3
cxb3 25. axb3 Qc5 26. Nd5 Rb7 27. Nxe7+ Rxe7 28. Qxe7 Rc8 29. Rh2 gxh5 30. Rg2+
Bg6 31. Rxd6 Qe3+ 32. Rgd2 Rf8 33. Rd8 Rxd8 34. Qxd8+ Kg7 35. Qd4+ Qxd4 36.
Rxd4 h4 37. Kd2 h3 38. Ke3 Kh6 39. Kf4 1-0

[Event "HUN-chT2 Charousek 0203"]
[Site "Hungary"]
[Date "2002.11.24"]
[Round "3.1"]
[White "Seres, Lajos"]
[Black "Parkanyi, Attila"]
[Result "1-0"]
[WhiteElo "2462"]
[BlackElo "2352"]
[Annotator "Feher"]
[PlyCount "85"]
[EventDate "2002.09.22"]
[EventType "team"]
[EventRounds "11"]
[EventCountry "HUN"]
[SourceTitle "EXT 2004"]
[Source "ChessBase"]
[SourceDate "2003.11.25"]
[SourceVersion "1"]
[SourceVersionDate "2003.11.25"]
[SourceQuality "1"]
[WhiteTeam "Tabani Spartacus"]
[BlackTeam "Tapolca Rockwool"]
[WhiteTeamCountry "HUN"]
[BlackTeamCountry "HUN"]

1. e4 c5 2. Nf3 d6 3. d4 cxd4 4. Nxd4 Nf6 5. Nc3 g6 6. Be3 Bg7 7. f3 Nc6 8. Qd2
O-O 9. Bc4 Bd7 10. O-O-O Qa5 11. Kb1 Rfc8 12. Bb3 Ne5 13. h4 Nc4 14. Bxc4 Rxc4
15. Nb3 Qc7 16. Bd4 Be6 17. h5 a5 {Örök kérdés a sárkány változatban: ki a
gyorsabb?} 18. hxg6 hxg6 19. a4 b5 ({Egy szép támadójátszma az elõzõ szezonból:
} 19... Rb4 20. Rh4 Rc8 21. Rdh1 b5 22. g4 Bxb3 23. cxb3 Rxd4 24. Qxd4 b4 25.
Nd5 Qc2+ 26. Ka2 Nh5 27. Nxe7+ Kf8 28. Nxg6+ fxg6 29. Qxd6+ Kg8 30. Qe6+ Kf8
31. Qd6+ Kg8 32. R4h2 Ng3 33. Qe6+ Kf8 34. Rh8+ Bxh8 35. Rxh8+ Kg7 36. Rxc8 {
1-0 Medvegy N.-Kahn, csapatbajnokság 2001}) 20. Nxb5 Qb8 ({Két fordulóval
késõbb Pakson sötét} 20... Qb7 {-tel állt elõ, amelyre} {A "B" változat
azonban valóban fehérnek kedvezõ:} 21. e5 $1 (21. Qg5 $2 {következett. Mint a
parti után Seres Lajos - aki éppen elsõ számítógépéhez jutott hozzá -
elmesélte, hitt a Fritz útmutatásának, amely a játszmalépésre nagy plusszokat
jelzett. A következõ vesztett partiból talán egy életre megtanulta, hogy
kritika nélkül ne kövesse a masinát.} Rxa4 22. Nxd6 Qc6 {Itt már a gép sem
volt nagyon "lelkes".} 23. e5 Nd5 24. Ne4 Rb8 25. Rh2 Qb5 26. Ba7 $2 (26. Nec5
Nb4 $5) 26... Rb7 27. Bf2 Rb8 $6 28. Rdh1 Rxe4 $1 29. fxe4 Nc3+ 30. bxc3 Bxb3
31. Bd4 Qe2 32. Rc1 Be6+ 33. Ka1 Qc4 {0-1 Seres-Tancsa, csapatbajnokság 2003})
21... dxe5 22. Bxe5 Rxa4 ({vagy} 22... Bf5 23. N3d4 $16) 23. Nc7 $16) 21. Nc3
Rb4 22. Rh4 Qb7 23. Rdh1 Bxb3 $6 ({Jobb esélyt ad az ellentámadásra} 23... Rb8
{, például} 24. e5 $1 {azonban, amely nyitja a h4-bástyának a negyedik sort,
fehér elõnyét biztosítja:} (24. Nd5 Bxd5 25. exd5 Rxa4 26. Bxf6 (26. g4 Rxd4 $5
27. Qxd4 Qxd5 {, és sötét bízhat a "sárkány" futóban.}) 26... Rxh4 27. Rxh4
Bxf6 28. Ra4 Qb6 29. Rxa5 Kg7 {jó ellenesélyekkel a gyalogért, Medvegy Z.
-Rajlich, Budapest 2001}) 24... Bxb3 25. cxb3 Rxb3 26. Nb5 dxe5 27. Bxe5 Rc8
28. Bc3 $1 $16) 24. cxb3 Rxb3 25. Nd5 $1 {Az érdemi küzdelmet eldöntõ újítás!}
Nh5 ({Két illusztráció a sötétre leselkedõ veszélyekrõl:} 25... e5 $2 26. Rh8+
$1 Bxh8 27. Rxh8+ Kxh8 28. Qh6+ Nh7 29. Nf6 {védhetetlen mattal.}) (25... Rb8
26. Nxf6+ exf6 (26... Bxf6 27. Rh8+ Bxh8 28. Rxh8#) 27. Rh7 {, és Bxg7 ellen
nincs hatásos ellenszer.}) 26. Bxg7 Kxg7 27. Rxh5 $1 {Megsemmisíti a királyt
védõ egyetlen tisztet.} gxh5 28. Rxh5 f6 29. Qh6+ Kf7 30. Qh7+ Ke8 31. Qg8+ Kd7
32. Nxf6+ $1 {A csattanó.} Kc7 (32... exf6 33. Rh7+ Kc6 34. Qd5+ {mattig megy.}
) 33. Qc4+ Kb8 34. Nd7+ Qxd7 35. Qxb3+ Kc7 36. Rb5 Qc6 37. Qe6 Qe8 38. g4 Ra6
39. g5 Rb6 40. g6 Rxb5 41. axb5 Qf8 42. Qf7 Qh6 43. g7 1-0

[Event "Petrov Memorial op"]
[Site "St Petersburg"]
[Date "1996.??.??"]
[Round "6"]
[White "Novgorodskij, Vladimir"]
[Black "Galliamova, Alisa"]
[Result "1-0"]
[WhiteElo "2325"]
[BlackElo "2480"]
[Annotator "Ftacnik,L"]
[PlyCount "55"]
[EventDate "1996.02.??"]
[EventType "swiss"]
[EventRounds "9"]
[EventCountry "RUS"]
[SourceTitle "CBM 052"]
[Source "ChessBase"]
[SourceDate "1996.06.01"]
[SourceVersion "1"]
[SourceVersionDate "1996.06.01"]
[SourceQuality "1"]

1. e4 {Johnson,M} c5 2. Nf3 Nc6 3. d4 cxd4 4. Nxd4 Nf6 5. Nc3 d6 6. Bc4 Bd7 7.
Bb3 g6 8. f3 Bg7 9. Be3 O-O 10. Qd2 Qa5 11. O-O-O Rfc8 12. g4 Ne5 13. Kb1 Nc4
14. Bxc4 Rxc4 15. Nb3 Qd8 $6 {Johnson,M} (15... Qa6 {Johnson,M}) 16. h4 Rac8
17. h5 b5 18. hxg6 b4 {[#]} 19. g5 $5 (19. gxh7+ Nxh7 20. Nd5 Rxc2 21. Qxc2
Rxc2 22. Kxc2 Bb5 $16) 19... bxc3 20. Qh2 hxg6 (20... Ne8 21. Qxh7+ Kf8 22.
gxf7 Kxf7 23. g6+ Kf8 24. Bh6 Be6 25. Rh4 $18) (20... fxg6 21. gxf6 exf6 22.
Qxh7+ Kf7 23. Rxd6 $18) 21. gxf6 exf6 (21... Bxf6 22. Qh7+ Kf8 23. Bh6+ $18)
22. Bf4 $1 R4c6 23. Bxd6 Rxd6 $8 24. Qxd6 Rc7 25. Rd3 Qc8 (25... cxb2 26. Nc5
Bf8 27. Qh2 $18) 26. Nc5 Be8 27. Rxc3 f5 28. Nd7 $1 (28. Nd7 $1 Rxc3 29. Nf6+
Bxf6 30. Qxf6 $18) 1-0

[Event "Politiken Cup 17th"]
[Site "Copenhagen"]
[Date "1995.??.??"]
[Round "3"]
[White "Glek, Igor Vladimirovich"]
[Black "Ward, Christopher"]
[Result "1-0"]
[WhiteElo "2600"]
[BlackElo "2485"]
[Annotator "Glek,I"]
[PlyCount "61"]
[EventDate "1995.06.??"]
[EventType "swiss"]
[EventRounds "10"]
[EventCountry "DEN"]
[SourceTitle "CBM 047 Extra"]
[Source "ChessBase"]
[SourceDate "1995.09.01"]
[SourceVersion "1"]
[SourceVersionDate "1995.09.01"]
[SourceQuality "1"]

1. e4 c5 2. Nf3 d6 3. d4 cxd4 4. Nxd4 Nf6 5. Nc3 g6 6. Be3 Bg7 7. f3 Nc6 8. Qd2
O-O 9. Bc4 Bd7 10. h4 Ne5 11. Bb3 Qa5 12. O-O-O Rfc8 13. Kb1 (13. h5 Nxh5 14.
Nd5 Qxd2+ 15. Rxd2 Kf8 16. g4 Nf6 17. Nxf6 Bxf6 18. Rxh7 Kg8 19. Rh1 a5 $1 (
19... Nc4 20. Bxc4 Rxc4 21. Ne2 {/\Bd4+/=/}) 20. a3 a4 21. Ba2 (21. Bd5 $32 Bc6
22. Ba2 b5 $13) 21... b5 22. Kb1 (22. Kd1 $5) 22... b4 23. g5 Bg7 24. axb4 a3
$36 {Glek,I-Hodgson,J/GER/1994/}) 13... b5 $6 (13... Nc4 14. Bxc4 Rxc4 15. Nb3
Qc7 16. Bd4 Be6 17. h5 $14) 14. Ncxb5 Qd8 $5 {N/} (14... Qa6) (14... Qxd2) 15.
Qe2 $1 Rc5 16. Nc3 (16. g4 $6 Rb8 17. Nc3 Rxc3 18. bxc3 a5 $44) 16... Rb8 (
16... Rac8 17. Nd5 $16) (16... Qc8 17. Ndb5 $16) 17. Ne6 $1 $16 fxe6 18. Bxc5
dxc5 19. f4 $1 (19. Bxe6+ $2 Kh8 20. f4 Qa5 $1 $36) 19... c4 $5 (19... Nf7 20.
e5 $16) (19... Nc6 20. e5 Nd4 21. Qc4 $1 $16) 20. fxe5 cxb3 21. exf6 bxa2+ 22.
Nxa2 exf6 (22... Bxf6 23. e5 $18) 23. Rh3 $1 f5 24. c3 $1 (24. Rb3 Rxb3 25.
cxb3 Qc7 $14) 24... Qc7 (24... Qe7 25. exf5 gxf5 26. Rg3 $1 $36 {/\26...Kh8 27.
Rg7!+-/}) 25. exf5 exf5 (25... gxf5 26. Rhd3 Qc4 $8 27. Nc1 $1 Be8 28. Rd8 $18)
26. Nb4 $1 $18 f4 27. Na6 $1 Bf5+ 28. Rhd3 Qb6 29. Nxb8 Qxb8 30. Kc1 Bf6 31.
Rd8+ $1 1-0

[Event "Bundesliga 9495"]
[Site "Germany"]
[Date "1994.??.??"]
[Round "?.2"]
[White "Glek, Igor Vladimirovich"]
[Black "Hodgson, Julian M"]
[Result "1/2-1/2"]
[WhiteElo "2615"]
[BlackElo "2590"]
[Annotator "Glek,I"]
[PlyCount "101"]
[EventDate "1994.10.08"]
[EventType "team-tourn"]
[EventRounds "15"]
[EventCountry "GER"]
[SourceTitle "CBM 044"]
[Source "ChessBase"]
[SourceDate "1995.02.01"]
[SourceVersion "1"]
[SourceVersionDate "1995.02.01"]
[SourceQuality "1"]
[WhiteTeam "Bochum"]
[BlackTeam "Muenchen 36"]
[WhiteTeamCountry "GER"]
[BlackTeamCountry "GER"]

1. e4 c5 2. Nf3 d6 3. d4 cxd4 4. Nxd4 Nf6 5. Nc3 g6 6. Be3 Bg7 7. f3 O-O 8. Qd2
Nc6 9. Bc4 Bd7 10. h4 Qa5 11. O-O-O Ne5 12. Bb3 Rfc8 13. h5 Nxh5 14. Nd5 Qxd2+
15. Rxd2 Kf8 16. g4 Nf6 17. Nxf6 Bxf6 18. Rxh7 Kg8 19. Rh1 (19. Rdh2 e6 $5 {
/\b5,a5/}) 19... a5 $1 {N/} (19... Nc4 20. Bxc4 Rxc4 21. Ne2 {/\Bd4+/=/}) 20.
a3 (20. a4 $5 Nc4 (20... e6 $5) (20... Rab8 $5) 21. Bxc4 Rxc4 22. b3 Rc3 23.
Rd3 $10) 20... a4 21. Ba2 $6 (21. Bd5 $5 e6 (21... Rab8 22. c3 $14) (21... Bc6
$5 22. Ba2 b5 $13) 22. Bxb7 Nc4 23. Bxc8 Bxc8 24. g5 $1 $16) 21... b5 $1 22.
Kb1 (22. Kd1 $5) 22... b4 23. g5 Bg7 24. axb4 a3 $1 25. b3 $8 Rab8 (25... Rc3
26. Re2) 26. c4 $1 $8 Rxb4 27. Kc1 $8 e6 $5 (27... Rb7 28. Kd1) 28. Nc2 Rb7 29.
f4 Ng4 30. Rxd6 (30. Rh4 e5) 30... Bc6 31. Re1 $1 $8 (31. Rh4 $6 Nxe3 32. Nxe3
Bxe4 33. Ng4 Bb2+ 34. Kd2 Kg7 $1 $17) 31... Bb2+ (31... Bxe4 32. Bd4 $14) 32.
Kb1 Bc3 33. Re2 e5 $5 34. Bc1 exf4 35. Bxf4 Ba4 {(.)/} (35... Re7 $5) 36. Nxa3
Bxb3 37. Bxb3 Rxb3+ 38. Ka2 Rb7 $44 39. Rd3 Be5 40. Bc1 Bg7 41. Bb2 Bxb2 42.
Rxb2 Rxb2+ 43. Kxb2 Nf2 $1 $10 44. Rd4 Re8 45. Nb5 Nxe4 46. Rd5 Rc8 47. Kb3 Rc5
48. Rxc5 Nxc5+ 49. Kb4 Ne6 50. c5 Kf8 51. Kc4 1/2-1/2

[Event "Saint Quentin op 4th"]
[Site "Saint Quentin"]
[Date "2001.04.19"]
[Round "6.1"]
[White "Apicella, Manuel"]
[Black "Bergez, Luc"]
[Result "1-0"]
[WhiteElo "2518"]
[BlackElo "2426"]
[Annotator "Grimberg,G"]
[PlyCount "79"]
[EventDate "2001.04.15"]
[EventType "swiss"]
[EventRounds "9"]
[EventCountry "FRA"]
[SourceTitle "EXT 2002"]
[Source "ChessBase"]
[SourceDate "2001.11.25"]
[SourceVersion "1"]
[SourceVersionDate "2001.11.25"]
[SourceQuality "1"]

1. e4 c5 2. Nf3 d6 3. d4 cxd4 4. Nxd4 Nf6 5. Nc3 g6 6. Be3 Bg7 7. f3 O-O 8. Qd2
Nc6 9. Bc4 Bd7 10. h4 Qa5 11. O-O-O Rfc8 12. Bb3 Ne5 13. Kb1 Nc4 14. Bxc4 Rxc4
15. h5 Nxh5 16. g4 Nf6 17. Nb3 Qe5 $5 18. Bf4 (18. g5 $5 Nh5 19. f4 Qe6 20. f5
Bxc3 21. fxe6 Bxd2 22. Nxd2 Bxe6 23. Nxc4 Bxc4 24. Rd4 Bb5 $44) 18... Qe6 19.
Bh6 (19. Nd4 $5 Rxd4 20. Qxd4 Nxg4 21. Qd2 Nf6 22. Bh6 Bh8 23. Rhe1 Rc8 24. e5
$5 $132 dxe5 25. f4) 19... Bh8 20. Rhe1 Be8 21. Ne2 {la manoeuvre Ce2+c3
renforce considerablement le roque blanc, la pression sur la colonne "c"est
bien attenuee.Voir le prochain diagramme.} Rac8 22. Ned4 Qd7 23. c3 Qc7 24. Nf5
$1 Ba4 (24... gxf5 $4 25. gxf5 Nh5 26. Rg1+ Bg7 27. Rxg7+ Nxg7 28. Qg5 $18) 25.
Ne3 Rc6 26. g5 Nd7 27. f4 (27. Nd5 Qb8 $4 (27... Qd8 {seul coup.}) 28. Nxe7#)
27... Nb6 28. Qf2 Bxc3 $1 (28... Bxb3 29. axb3 Rxc3 30. bxc3 Qxc3 31. Qa2 {
tient la baraque !}) 29. bxc3 Rxc3 30. Qb2 Bc6 (30... Qc6 $5 31. Nd5 (31. Nc2
Nc4 32. Ncd4 Nxb2 33. Nxc6 R8xc6 34. Kxb2 Rc2+ 35. Kb1 $13) 31... Nxd5 32. exd5
Qc4 (32... Qb5 33. Re3 $1) 33. Re3 $1 b5 34. Rxc3 Qxc3 35. Qxc3 Rxc3 36. Rc1
Rxc1+ 37. Nxc1 {malgre le fou enferme les blancs ont l'avantage car le roi
noir n'est pas vaillant !}) 31. Nc5 $1 {le spectacle est au rendez-vous ,
echiquier n 1} Bxe4+ 32. Nxe4 Na4 {les noirs attaquent temerairement, car une
menace plane sur leur roi (dame g7# si la tour c3 bouge.} 33. Qb4 $1 (33. Nd5
Nxb2 34. Nxc7 Nxd1 35. Nd5 Rc1# {Preums !} (35... e6 36. Ne7+ {pas mat !}))
33... Rxe3 34. Qxa4 $1 Qb6+ 35. Ka1 e5 36. fxe5 Rxe1 37. Rxe1 dxe5 38. Rd1 Qe3
39. Qc4 $1 Qh3 40. Qc7 $1 1-0

[Event "Dresden Post 5th"]
[Site "Dresden"]
[Date "1985.11.25"]
[Round "5"]
[White "Schurade, Matthias"]
[Black "Dobrovolsky, Ladislav"]
[Result "1-0"]
[WhiteElo "2365"]
[BlackElo "2395"]
[Annotator "Poetzsch,A"]
[PlyCount "49"]
[EventDate "1985.11.21"]
[EventType "tourn"]
[EventRounds "11"]
[EventCountry "DDR"]
[EventCategory "4"]
[SourceTitle "EXT 2006"]
[Source "ChessBase"]
[SourceDate "2005.11.24"]
[SourceVersion "1"]
[SourceVersionDate "2005.11.24"]
[SourceQuality "1"]

{SCHACH 6/1986 Seite 269} 1. e4 c5 2. Nf3 d6 3. d4 cxd4 4. Nxd4 Nf6 5. Nc3 g6
6. Be3 Bg7 7. f3 Nc6 8. Bc4 O-O 9. Qd2 Bd7 10. Bb3 Qa5 11. O-O-O Rfc8 12. g4
Ne5 13. Kb1 b5 14. Bh6 Bh8 15. h4 Nc4 16. Bxc4 bxc4 17. Nd5 Qd8 18. Nxf6+ Bxf6
19. c3 Ba4 20. Rc1 Rab8 21. h5 e5 22. hxg6 fxg6 23. Nf5 gxf5 $2 (23... Bc6) 24.
Qd5+ Kh8 25. Qf7 $1 {und der Kh8 kann der tödlichen Umklammerung nicht
entkommen [/\ Bg7+ nebst Rxh7+]} 1-0